Music Quiz

Random Music or Clip Quiz
Score 0/21 Timer 07:00
1 Play Today
Hint Answer % Correct
0:00Dance, Dance
98%
1:40Sugar We’re Going Down
87.9%
1:10I Don't Care
86.3%
2:30Immortals
79.6%
3:00The Phoenix
77%
1:30Miss Missing You
73.8%
0:40A Little Less Sixteen Candles, A Little More Touch Me
73%
0:2020 Dollar Nosebleed
71.2%
2:00The Takeover The Breaks Over
65.4%
3:20The Kids Aren’t Alright
62.3%
0:50Bang the Doldrums
58.8%
Hint Answer % Correct
2:20Grand Theft Autumn/Where Is Your Boy
58.1%
1:00Disloyal Order Of Water Buffaloes
53.8%
0:30(Coffees For Closers)
52.9%
2:10Thriller
51.6%
1:50The (Shipped) Gold Standard
47%
2:5027
36.2%
3:10I've Got All This Ringing In My Ears And None On My Fingers
32.3%
1:20I Slept With Someone In Fall Out Boy And All I Got Was This Stupid Song Written About Me
30.8%
0:10The Patron Saint Of Liars And Fakes
25.3%
2:40The Music Or The Misery
13.3%
Remove Ads.
Support Sporcle.
Get the best of Sporcle when you Go Orange. This ad-free experience offers more features, more stats, and more fun while also helping to support Sporcle. Thank you for becoming a member.

You're not logged in!

Compare scores with friends on all Sporcle quizzes.
OR
Log In

Show Comments

Extras

Top Quizzes Today


Score Distribution

Your Account Isn't Verified!

In order to create a playlist on Sporcle, you need to verify the email address you used during registration. Go to your Sporcle Settings to finish the process.

Report this User

Report this user for behavior that violates our Community Guidelines.

Details: